Quizzes
Events
Quiz Creation
Community
Videos
Private Events
Remove Ads
Sign In
Join for FREE
Feedback
Dark Mode
Quiz Categories
Sports
Geography
Music
Movies
Television
Just For Fun
Miscellaneous
History
Literature
Language
Science
Gaming
Entertainment
Religion
Holiday
For Kids
Quiz Lab
Recent
Popular Today
Quiz Kudos Today
Editor Picks
Curator Picks
Quizzes by...
Day
Popularity
Type
Ratings
Length
Year
Community
Subscriptions
Recent Discussions
Orange Saloon
Badges
Playlists
Quests
Create
Leaderboards
Showdown
Live 5
Trivia Bingo
Activity
Puzzle Library
Sporcle Events
Private Events
Virtual Trivia
Globe League
Become a Host
Pub Owners
SporcleCon
Opinionation
Our Games
Videos
Blog
Mobile Apps
Partnerships
Remove Ads and Go Orange
Feedback
Music
Pop Music
The Beatles
Song
Album
Lyrics
Bands
Singers
Artist
Clip
Rock
Rap
Classical
Billboard
Country Music
Kpop
Taylor Swift
Music
Pop Music
The Beatles
Song
Album
Lyrics
Bands
Singers
Artist
Clip
Rock
Rap
Classical
Billboard
Country Music
Kpop
Taylor Swift
Random Quiz
Search Sporcle
×
Quiz Lab
Quiz Lab
Music
Progressive Rock
Type in answers that appear in a list
Type in answers that appear in a list
Classic
Best Score? Go Orange.
Rush Live Albums Stats
Can you name the Rush Live Albums?
By
ghost__rider
3m
9 Questions
155 Plays
155 Plays
155 Plays
Comments
Comments
Give Quiz Kudos
Give Quiz Kudos
-
- Ratings
hide this ad
Replay
Link that replays current quiz
Next Quiz
Link to next quiz in quiz playlist
You Got
0%
They Got
Avg Score
70%
Avg Friend Score
Upgrade to see
Score Distribution
Jump to the score distribution portion of the page
Score
0/9
Timer
03:00
0
Plays Today
Year
Title
% Correct
October 1981
Exit...Stage Left
96.1%
September 1976
All the World's a Stage
94.2%
October 2003
Rush in Rio
78.7%
April 2008
Snakes & Arrows Live
78.7%
January 1989
A Show of Hands
78.1%
November 2005
R30: 30th Anniversary World Tour
73.5%
November 1998
Different Stages Live
72.3%
November 2011
Time Machine 2011: Live in Cleveland
70%
November 2011
Moving Pictures: Live 2011
27%
Quiz Playlist
Details
Report
Send in Message
Add To Playlist
Classic:
Type in answers that appear in a list
Last Updated: Feb 16, 2017
Quiz Scoreboard
CHALLENGE
Sign Up to Join the Scoreboard
Show All
Scores
Hide
Comments
May contain spoilers
Recently Published
NBA Finals Game Top Scorers (2010s)
by flibbidy
Sports
5m
Guess the 'R' Things in 3 Words
by MSUKent
Miscellaneous
3m
Actor to Badly Drawn Movie III
by MoMosMoProblems
Movies
5m
More to Explore
Quiz From the Vault
Featured Blog Post
Where Does Lost Luggage Go?
hide this ad
You Might Also Like...
Tags
Live Albums
Progressive Rock
rush
Today's Top Quizzes in Music
Browse Music
hide this ad
Today's Top Quizzes in Progressive Rock
Browse Progressive Rock
Top Contributed Quizzes in Music
1
Taylor Swift All Songs (2024)
2
Image Sorting: Rock Albums II
3
Image Sorting: Rock Albums III
4
Image Sorting: Rock Albums IV
5
Image Sorting: Rock Albums V
6
Image Sorting: Rock Albums VI
7
Taylor Swift Logic Puzzle
8
Adjectives in 80s Songs
9
Image Sorting: Album Titles
10
Nickname Match: Musicians
Explore More
Trending Topics
NBA
Disney
Anime
Harry Potter
Marvel
Crossword
Kpop
NFL
Song
Country
WWE
The Office
Soccer
Puzzle
Pokémon
hide this ad
More By:
ghost__rider
Quiz
Plays
Rating
Category
Featured
Created
Toronto Blue Jays Single Season Records
1,014
5.00
Sports
Sep 2, 2010
Blue Jays Level of Excellence
342
3.00
Sports
Sep 2, 2010
RUSH: 2112 in Parts
292
4.86
Music
Aug 30, 2010
Rush Live Albums
155
5.00
Music
Sep 26, 2010
RUSHtastic!
150
2.75
Music
Aug 30, 2010
Go to Creator's Profile
Score Distribution
Quiz Creator Spotlight
ghost__rider
Follow
Send a Message
Quizzes Created
-
Created Quiz Play Count
-
More By This Creator
Popular Quizzes Today
1
Find the US States - No Outlines Minefield
2
Find the US States
3
The Countries of the World
4
10 Largest US States in Order
5
Find the Countries of Europe - No Outlines Minefield
6
US States
7
Guess the 'R' Things in 3 Words
8
NBA Finals Game Top Scorers (2010s)
More Music Quizzes
Musical Groups in Comic Books
Published
Trending Quizzes
First Name TV: Leading Men
Match the Book to the Film II
First Name TV: Leading Women Drama
Pick A Pair: Religious TV
Match the Book to the Film VI
Recently Updated
Women's Final Four Teams by Year
bhenderson79
Presidents Quartet II
eogle
Anything But Clue(do)
eogle
Anything But Oceanian Capitals
eogle
Anything But 7
eogle
Anything But Thing
eogle
Word Ladder: February 29
pecheneg
Song Title Questions
pecheneg
Women's NCAA Tournament #1 Seeds
pecheneg
Celebrity Mug Shots
pecheneg
Trending Topics
Disney
Kpop
NBA
Marvel
Crossword
Anime
Harry Potter
NFL
Pokémon
The Office
Puzzle
Soccer
WWE
Song
Country
Your Account Isn't Verified!
In order to create a playlist on Sporcle, you need to verify the email address you used during registration. Go to your
Sporcle Settings
to finish the process.
Report this User
Report this user for behavior that violates our
Community Guidelines
.
Details:
Send Report
Go to the Sporcle.com Mobile Site →
Comments